Pokémon - Les attaques de Grelaçon - Statistiques

Statistiques générales
  • Ce quiz a été pris 12 fois
  • Le résultat moyen est 10 sur 16
Statistiques - réponses
Niveaux Types Noms des attaques % Correct
Niveau 3 Normal Charge
100%
Niveau 36 Normal Bélier
83%
Niveau 39 Glace Blizzard
83%
Niveau 42 Normal Damoclès
83%
Niveau 27 Acier Mur de Fer
83%
Niveau 6 Glace Poudreuse
83%
Niveau 12 Glace Vent Glace
83%
Départ Normal Armure
67%
Niveau 24 Glace Crocs Givre
67%
Niveau 33 Ténèbres Mâchouille
67%
Niveau 21 Ténèbres Morsure
67%
Niveau 15 Normal Abri
50%
Niveau 9 Spectre Malédiction
50%
Niveau 18 Glace Avalanche
33%
Niveau 30 Normal Soin
17%
Départ Normal Tour Rapide
17%
Aucun quiz correspondant
Distribution des résultats
% des personnes avec chaque résultat
Percentile par nombre de réponses
Votre historique - résultats
Vous n’avez pas pris ce quiz